000 00683nam a2200193 ar4500
001 5384
005 20221127091132.0
008 051222s ||| 00010|eng d
020 _a9780300215281 (hbk)
_zSR 260
082 0 4 _a700.961 B224 2013
100 1 _aBloom, Jonathan M
245 1 0 _aGod is the light of the heavens and the earth : light in Islamic art and culture /
_cJonathan Bloom M, Prof.Sheila S.Blair.
250 _a1st.ed.
260 _aVirginia. USA,
_bVirginia Coommonwealth University,
_c2015.
300 _a357 p.
_bill.col.
_c29 cm.
500 _aInclude bibliographical references and index
650 4 _aIslamic Art,
_bLight in Art.
700 0 _aProf.Sheila S.Blair
999 _c5381
_d5381